[Event "67th ch-RUS HL w 2017"]
[Site "Sochi RUS"]
[Date "2017.07.05"]
[Round "4.17"]
[White "Grigorian, Marine"]
[Black "Doroshenko, Diana"]
[Result "1-0"]
[WhiteTitle "WFM"]
[BlackTitle "WIM"]
[WhiteElo "2181"]
[BlackElo "2228"]
[WhiteFideId "4124260"]
[BlackFideId "4176766"]
[EventDate "2017.07.02"]

1. d4 Nf6 2. c4 g6 3. Nc3 Bg7 4. e4 d6 5. h3 O-O 6. Bg5 c5 7. d5 e6 8. Bd3 exd5
9. cxd5 Bd7 10. Nf3 b5 11. a3 c4 12. Bc2 a5 13. O-O Na6 14. e5 dxe5 15. Nxe5 Re8
16. Nxd7 Qxd7 17. Qf3 Qd6 18. Rad1 b4 19. Bf4 Qb6 20. Ne2 b3 21. Bb1 Rad8 22.
Nc3 Nc7 23. Rd2 Rd7 24. Rfd1 h6 25. h4 Red8 26. Be5 Re8 27. Bf4 Qb7 28. g4 Red8
29. g5 hxg5 30. Bxg5 Rd6 31. h5 gxh5 32. Qf5 Qc8 33. Bf4 R6d7 34. Kh2 Nce8 35.
Kh1 Qc5 36. Be3 Qc8 37. Rg1 Rd6 38. Qf3 Ng4 39. Bf5 Qb7 40. Bg5 Nef6 41. Qg2 Kf8
42. Bf4 Ne8 43. Bxd6+ Rxd6 44. f3 Ne3 45. Qg5 Nxf5 46. Qxf5 Rf6 47. Qe4 Qd7 48.
Rh2 Rf5 49. Qxc4 Be5 50. Rh3 Rf4 51. Qf1 Nf6 52. Qg2 h4 53. Ne2 Rc4 54. f4 Bxf4
55. Rxh4 Nxd5 56. Nxf4 Nxf4 57. Qg7+ Ke8 58. Re1+ Ne6 59. Rh8+ Ke7 60. Qf8+ Kf6
61. Qh6+ Ke7 62. Qg5+ Kd6 63. Rd1+ Kc6 64. Qg2+ Kc7 65. Rxd7+ Kxd7 66. Qd5+ 1-0

[Event "67th ch-RUS HL w 2017"]
[Site "Sochi RUS"]
[Date "2017.07.05"]
[Round "4.18"]
[White "Goltseva, Ekaterina"]
[Black "Gorovenko, Darya"]
[Result "1-0"]
[WhiteTitle "WFM"]
[BlackTitle "WFM"]
[WhiteElo "2214"]
[BlackElo "2072"]
[WhiteFideId "24173770"]
[BlackFideId "24173800"]
[EventDate "2017.07.02"]

1. d4 Nf6 2. c4 g6 3. Nc3 d5 4. cxd5 Nxd5 5. e4 Nxc3 6. bxc3 Bg7 7. Nf3 O-O 8.
Be2 c5 9. Rb1 Nd7 10. O-O b6 11. e5 Bb7 12. Qb3 Rc8 13. Be3 Be4 14. Rbc1 Nb8 15.
Rfd1 Qc7 16. Ng5 Bf5 17. g4 c4 18. Qa3 h6 19. gxf5 hxg5 20. fxg6 fxg6 21. Bxg5
e6 22. Qe7 Qc6 23. Be3 Rc7 24. Qg5 Kh7 25. Bf1 Rf5 26. Qg3 Nd7 27. Bg2 Bxe5 28.
Qh4+ Rh5 29. Qe7+ 1-0

[Event "67th ch-RUS HL w 2017"]
[Site "Sochi RUS"]
[Date "2017.07.05"]
[Round "4.19"]
[White "Shaydullina, Sandugach"]
[Black "Belova, Olga"]
[Result "1-0"]
[WhiteTitle "WGM"]
[BlackTitle "WFM"]
[WhiteElo "2203"]
[BlackElo "2064"]
[WhiteFideId "4140389"]
[BlackFideId "4138422"]
[EventDate "2017.07.02"]

1. c4 c6 2. d4 d5 3. Nf3 Nf6 4. e3 Bg4 5. h3 Bh5 6. cxd5 cxd5 7. Qa4+ Nbd7 8. g4
Bg6 9. Ne5 a6 10. Nxg6 hxg6 11. Bg2 e6 12. Qb3 Qb6 13. Qxb6 Nxb6 14. O-O Rc8 15.
f3 Bb4 16. b3 O-O 17. a3 Be7 18. Ra2 Rc6 19. e4 Nfd7 20. Be3 Rfc8 21. Rff2 g5
22. Bf1 e5 23. a4 exd4 24. Bxd4 dxe4 25. fxe4 Nc5 26. Nd2 Rd8 27. Be3 Nd3 28.
Rf5 g6 29. Rf3 Nb4 30. Rb2 Nd7 31. Nc4 Re6 32. Rbf2 Rxe4 33. Rxf7 Nd5 34. Bd3
Re6 35. Bd4 Nf4 36. Rg7+ Kf8 37. Bxg6 Bc5 38. Rxd7 Rxd7 39. Bxc5+ Kg7 40. Bf5
Re1+ 41. Kh2 Rdd1 42. Rxf4 gxf4 43. Kg2 Kf6 44. Bf2 Re2 45. Kf3 Rxf2+ 46. Kxf2
b5 47. axb5 axb5 48. Na3 Ke5 49. Nxb5 Rd2+ 50. Kf3 Rh2 51. b4 Rxh3+ 52. Kf2 Rb3
53. Na7 Rb2+ 54. Kf3 Rb3+ 55. Kg2 Kd4 56. Kf2 Rb2+ 57. Kf3 Ke5 58. Nc6+ Kd5 59.
Be4+ Ke6 60. Kxf4 Rf2+ 61. Bf3 Rb2 62. g5 Rb1 63. g6 Kf6 64. Be4 Rb3 65. Ne7 Rb2
66. Nd5+ Kg7 67. Ke5 Re2 68. b5 Re1 69. b6 Re2 70. Nf4 1-0

[Event "67th ch-RUS HL w 2017"]
[Site "Sochi RUS"]
[Date "2017.07.05"]
[Round "4.20"]
[White "Korchagina, Viktoria"]
[Black "Solozhenkina, Elizaveta"]
[Result "0-1"]
[WhiteTitle "WFM"]
[BlackTitle "WIM"]
[WhiteElo "2154"]
[BlackElo "2198"]
[WhiteFideId "4197224"]
[BlackFideId "34106615"]
[EventDate "2017.07.02"]

1. e4 c5 2. Nf3 d6 3. d4 cxd4 4. Nxd4 Nf6 5. Nc3 a6 6. Be3 Ng4 7. Bc1 Nf6 8. f3
e5 9. Nb3 Be7 10. Be3 Be6 11. Qd2 O-O 12. g4 d5 13. g5 d4 14. gxf6 Bxf6 15. Bxd4
exd4 16. Ne2 Bh4+ 17. Ng3 Bxb3 18. axb3 Qf6 19. f4 Nc6 20. Bd3 a5 21. O-O Nb4
22. e5 Qd8 23. Be4 Bxg3 24. hxg3 Qb6 25. Qh2 g6 26. Qf2 Qc7 27. Rae1 Rfe8 28.
Kg2 Rac8 29. f5 Nxc2 30. fxg6 hxg6 31. Bd5 Nxe1+ 32. Rxe1 Rcd8 33. Qf6 Qc2+ 34.
Kf3 Rxd5 35. Rh1 Qf5+ 0-1

[Event "67th ch-RUS HL w 2017"]
[Site "Sochi RUS"]
[Date "2017.07.05"]
[Round "4.21"]
[White "Sakorenko, Adriana"]
[Black "Garmash, Aliona"]
[Result "1-0"]
[WhiteTitle "WFM"]
[WhiteElo "2116"]
[BlackElo "1872"]
[WhiteFideId "34130249"]
[BlackFideId "34127620"]
[EventDate "2017.07.02"]

1. d4 Nf6 2. Bf4 g6 3. e3 Bg7 4. h3 O-O 5. Nf3 d6 6. Be2 Nbd7 7. O-O b6 8. c4
Bb7 9. Nc3 Ne4 10. Nxe4 Bxe4 11. Qd2 e5 12. Bg3 Qe7 13. Rad1 h6 14. Qc3 g5 15.
dxe5 dxe5 16. Nd2 Bg6 17. Qb3 e4 18. Qb5 Ne5 19. c5 a6 20. Qa4 b5 21. Qc2 Nd3
22. Bxd3 exd3 23. Qb3 Rfd8 24. Rfe1 Rac8 25. Qa3 Qf6 26. b4 Qc3 27. Qxc3 Bxc3
28. a3 Bb2 29. Rb1 Bc3 30. Red1 f5 31. Rb3 Bf6 32. Nf3 f4 33. exf4 Rd5 34. Rd2
c6 35. fxg5 hxg5 36. Ne1 Rcd8 37. Bd6 Be5 38. Bxe5 Rxe5 39. Kf1 Rde8 40. Nf3 Rd5
41. Rb1 a5 42. Re1 Rxe1+ 43. Kxe1 a4 44. Rd1 Kf7 45. Kd2 Kf6 46. Re1 Rf5 47. Re3
Rf4 48. g3 Rc4 49. Ne1 Bf5 50. g4 Bg6 51. Nxd3 Rd4 52. Ke2 Rc4 53. Ne5 Rc2+ 54.
Kf3 Be8 55. Kg3 Rc1 56. Nd3 Rc3 57. Rxe8 Rxd3+ 58. Re3 Rd2 59. f4 gxf4+ 60. Kxf4
Rd4+ 61. Kg3 Kg5 62. h4+ Kf6 63. g5+ Kf5 64. Rf3+ Kg6 65. Rf6+ Kg7 66. Rxc6 Rd3+
67. Kg4 Rxa3 68. Rc7+ Kg8 69. Kf5 Re3 70. h5 Re8 71. Ra7 Rf8+ 72. Ke6 Re8+ 73.
Kd6 Rf8 74. c6 1-0

[Event "67th ch-RUS HL w 2017"]
[Site "Sochi RUS"]
[Date "2017.07.05"]
[Round "4.22"]
[White "Ustich, Ekaterina"]
[Black "Legenko, Ksenia"]
[Result "1-0"]
[BlackTitle "WFM"]
[WhiteElo "2022"]
[BlackElo "2172"]
[WhiteFideId "24179221"]
[BlackFideId "4192265"]
[EventDate "2017.07.02"]

1. e4 c6 2. d4 d5 3. Nd2 dxe4 4. Nxe4 Bf5 5. Ng3 Bg6 6. Nh3 e6 7. Nf4 Bd6 8. h4
Qc7 9. Nxg6 hxg6 10. Ne4 Nd7 11. c3 Ngf6 12. Ng5 c5 13. Be3 cxd4 14. Bxd4 Bf4
15. Rh3 O-O 16. g3 e5 17. gxf4 exd4 18. Qxd4 Rfe8+ 19. Re3 Nb6 20. O-O-O Red8
21. Qe5 Rxd1+ 22. Kxd1 Qd7+ 23. Rd3 Qa4+ 24. Kc1 Re8 25. Qd4 Qxa2 26. Rd1 Nfd5
27. Bb5 Rf8 28. h5 gxh5 29. Qe4 Nf6 30. Qxb7 Qa5 31. c4 Qb4 32. Qc7 Na4 33. Bxa4
Qxa4 34. Rd3 Qa1+ 35. Kc2 Qa4+ 36. Kb1 a6 37. Rg3 Qd7 38. Qxd7 Nxd7 39. Rd3 Nb8
40. Kc2 g6 41. Kc3 Rc8 42. b4 Kf8 43. f5 Ke7 44. fxg6 fxg6 45. Re3+ Kf6 46. Ne4+
Ke5 47. Nc5+ Kf5 48. Rf3+ Kg4 49. Rg3+ Kf5 50. Nd3 h4 51. Rf3+ Kg5 52. Ne5 Re8
53. Kd4 Rd8+ 54. Ke4 Rd1 55. Rf7 Rd8 56. f4+ Kh6 57. Ng4+ Kh5 58. Nf6+ Kh6 59.
Rh7# 1-0

[Event "67th ch-RUS HL w 2017"]
[Site "Sochi RUS"]
[Date "2017.07.05"]
[Round "4.23"]
[White "Fominykh, Maria"]
[Black "Faizutdinova, Diana"]
[Result "0-1"]
[WhiteTitle "WGM"]
[WhiteElo "2307"]
[BlackElo "2041"]
[WhiteFideId "4142411"]
[BlackFideId "24143731"]
[EventDate "2017.07.02"]

1. d4 Nf6 2. Nf3 g6 3. c4 d6 4. g3 c6 5. Bg2 Bg7 6. O-O O-O 7. h3 Be6 8. b3 Ne4
9. Bb2 d5 10. Qc1 Nd7 11. cxd5 cxd5 12. Qe3 Rc8 13. Nc3 f5 14. Nxe4 dxe4 15. Ng5
Bd5 16. f3 exf3 17. Bxf3 Nf6 18. Bxd5+ Qxd5 19. Qe6+ Qxe6 20. Nxe6 Rfe8 21. Nxg7
Kxg7 22. Rfc1 Kf7 23. Kg2 Ke6 24. Kf3 Ne4 25. Ba3 Kd5 26. e3 e6 27. h4 h6 28.
Rxc8 Rxc8 29. Rc1 Rxc1 30. Bxc1 g5 31. hxg5 hxg5 32. g4 Nf6 33. gxf5 exf5 34.
Ba3 Ne4 35. Be7 Kc6 36. Bb4 Kb5 37. Be7 Kc6 38. Bb4 Kd5 39. Be7 Ke6 40. Bb4 Nf6
41. Be1 Kd5 42. Bf2 Nh5 43. e4+ fxe4+ 44. Kg4 Ng7 45. Kxg5 Ne6+ 46. Kf5 Nxd4+
47. Kf4 a6 48. Ke3 Nc2+ 49. Kd2 Nb4 50. a3 Nd3 51. Be3 Ne5 52. Bb6 Nc6 53. Ke3
Ne7 54. Kf4 Nc8 55. Be3 Nd6 56. a4 Nf7 57. Bb6 Ne5 58. a5 Nd7 59. Be3 Nc5 60.
Bxc5 Kxc5 61. Kxe4 Kb4 62. Kd5 Kxb3 63. Kc5 Ka4 64. Kb6 Kb4 65. Kxb7 Kxa5 66.
Kc6 Kb4 0-1

[Event "67th ch-RUS HL w 2017"]
[Site "Sochi RUS"]
[Date "2017.07.06"]
[Round "5.1"]
[White "Nechaeva, Marina"]
[Black "Shuvalova, Polina"]
[Result "1/2-1/2"]
[WhiteTitle "IM"]
[BlackTitle "WIM"]
[WhiteElo "2408"]
[BlackElo "2383"]
[WhiteFideId "4149351"]
[BlackFideId "24171760"]
[EventDate "2017.07.02"]

1. d4 Nf6 2. c4 g6 3. Nc3 d5 4. e3 Bg7 5. Nf3 O-O 6. Bd2 c5 7. dxc5 Na6 8. cxd5
Nxc5 9. Bc4 Bf5 10. O-O Rc8 11. Be1 Nce4 12. Bb3 Nc5 13. Bc4 Nce4 14. Bb3 Nc5
15. Bc4 Nce4 1/2-1/2

[Event "67th ch-RUS HL w 2017"]
[Site "Sochi RUS"]
[Date "2017.07.06"]
[Round "5.2"]
[White "Assaubayeva, Bibisara"]
[Black "Girya, Olga"]
[Result "1/2-1/2"]
[WhiteTitle "WFM"]
[BlackTitle "WGM"]
[WhiteElo "2386"]
[BlackElo "2502"]
[WhiteFideId "13708694"]
[BlackFideId "4195752"]
[EventDate "2017.07.02"]

1. d4 Nf6 2. c4 e6 3. Nf3 d5 4. Nc3 Bb4 5. Bg5 h6 6. Bxf6 Qxf6 7. e3 O-O 8. Qb3
c5 9. dxc5 Bxc3+ 10. Qxc3 Qxc3+ 11. bxc3 dxc4 12. Bxc4 Nd7 13. c6 bxc6 14. O-O-O
c5 15. Be2 Nf6 16. Ne5 Bb7 17. Bf3 Bxf3 18. gxf3 Nd5 19. Kc2 f6 20. Ng6 Rfd8 21.
e4 Nb6 22. Ne7+ Kf7 23. Nc6 Rxd1 24. Rxd1 Rc8 25. Nxa7 Ra8 26. Rb1 Rxa7 27. Rxb6
Rxa2+ 28. Rb2 Ra1 29. Rb1 Ra2+ 30. Rb2 Ra1 31. Rb1 Ra7 32. Kd3 Ra2 33. Kc4 Rxf2
34. Kxc5 Rxf3 35. c4 Rf2 36. Kb6 Rxh2 37. c5 Rc2 38. c6 g5 39. c7 g4 40. Rb5 g3
41. Rb3 g2 42. Rg3 Rb2+ 43. Ka7 Ra2+ 1/2-1/2

[Event "67th ch-RUS HL w 2017"]
[Site "Sochi RUS"]
[Date "2017.07.06"]
[Round "5.3"]
[White "Galliamova, Alisa"]
[Black "Gritsayeva, Oksana"]
[Result "1/2-1/2"]
[WhiteTitle "IM"]
[BlackTitle "WFM"]
[WhiteElo "2459"]
[BlackElo "2372"]
[WhiteFideId "4129725"]
[BlackFideId "14104652"]
[EventDate "2017.07.02"]

1. Nf3 Nf6 2. c4 c5 3. Nc3 g6 4. e4 Nc6 5. d4 cxd4 6. Nxd4 d6 7. Nc2 Bg7 8. Be2
O-O 9. O-O Be6 10. Be3 Qa5 11. Nd4 Nxd4 12. Bxd4 Nd7 13. Bxg7 Kxg7 14. Rc1 Rac8
15. b3 a6 16. Qd3 Ne5 17. Qg3 Qc5 18. Kh1 Nc6 19. Na4 Qe5 20. Qd3 f5 21. exf5
Bxf5 22. Qd2 Qd4 23. Qe1 Ne5 24. Rd1 Qf4 25. Nb6 Rce8 26. Nd5 Qh4 27. f4 Qxe1
28. Rfxe1 Nc6 29. Bf3 e5 30. Nc7 Rc8 31. Bxc6 bxc6 32. Nxa6 Ra8 33. Nb4 c5 34.
Nc6 Rxa2 35. fxe5 Bh3 36. gxh3 Rff2 37. Re3 Rxh2+ 38. Kg1 Rag2+ 39. Kf1 Rf2+ 40.
Ke1 Rb2 41. Rf3 Rh1+ 42. Rf1 Rhh2 43. Rf3 1/2-1/2

[Event "67th ch-RUS HL w 2017"]
[Site "Sochi RUS"]
[Date "2017.07.06"]
[Round "5.4"]
[White "Ubiennykh, Ekaterina"]
[Black "Kashlinskaya, Alina"]
[Result "0-1"]
[WhiteTitle "WIM"]
[BlackTitle "IM"]
[WhiteElo "2322"]
[BlackElo "2438"]
[WhiteFideId "4137582"]
[BlackFideId "4198026"]
[EventDate "2017.07.02"]

1. c4 e5 2. Nc3 Nf6 3. g3 Nc6 4. Bg2 Bb4 5. Nd5 Bc5 6. e3 O-O 7. Ne2 a6 8. O-O
d6 9. Qc2 Bg4 10. Nec3 Nxd5 11. Nxd5 Qd7 12. a3 Ba7 13. b4 Rae8 14. Bb2 Nd8 15.
f3 Bf5 16. Qc3 c6 17. Nf4 d5 18. c5 d4 19. exd4 exf4 20. g4 Bg6 21. Rfe1 Ne6 22.
h4 f6 23. Bf1 Nc7 24. h5 Bf7 25. Bd3 Nb5 26. Qc2 Nxd4 27. Bxh7+ Kh8 28. Qd3
Nxf3+ 29. Qxf3 Kxh7 30. h6 Qxd2 31. Bc3 Re3 32. Bxd2 Rxf3 33. hxg7 Kxg7 34. Re7
Bb8 35. Rf1 Rg3+ 36. Kf2 Kg6 37. Rxb7 Be5 38. Ke1 Rxa3 39. Rd7 Bd5 40. Rf2 Rh8 0-1

[Event "67th ch-RUS HL w 2017"]
[Site "Sochi RUS"]
[Date "2017.07.06"]
[Round "5.5"]
[White "Tomilova, Elena"]
[Black "Bivol, Alina"]
[Result "1/2-1/2"]
[WhiteTitle "WIM"]
[BlackTitle "WGM"]
[WhiteElo "2298"]
[BlackElo "2379"]
[WhiteFideId "4162340"]
[BlackFideId "4100123"]
[EventDate "2017.07.02"]

1. e4 e5 2. Nf3 Nc6 3. Bb5 a6 4. Bxc6 dxc6 5. O-O Ne7 6. Nxe5 Qd4 7. Qh5 g6 8.
Nf3 Qxe4 9. Qa5 Bg4 10. Re1 Qd5 11. Qxc7 Bxf3 12. gxf3 Qxf3 13. Qxb7 Qg4+ 14.
Kf1 Qh3+ 15. Kg1 Qg4+ 16. Kf1 Qh3+ 17. Kg1 Qg4+ 18. Kf1 Qh3+ 1/2-1/2

[Event "67th ch-RUS HL w 2017"]
[Site "Sochi RUS"]
[Date "2017.07.06"]
[Round "5.6"]
[White "Vasilevich, Tatjana"]
[Black "Maltsevskaya, Aleksandra"]
[Result "1-0"]
[WhiteTitle "IM"]
[WhiteElo "2365"]
[BlackElo "2254"]
[WhiteFideId "14101610"]
[BlackFideId "24174041"]
[EventDate "2017.07.02"]

1. d4 d5 2. c4 c6 3. Nf3 Nf6 4. Nc3 e6 5. Bg5 h6 6. Bxf6 Qxf6 7. e3 g6 8. Rc1
Nd7 9. Bd3 Bg7 10. O-O O-O 11. b4 dxc4 12. Bxc4 b6 13. Qb3 Rb8 14. Rfd1 Qe7 15.
e4 Bb7 16. a3 Rfd8 17. h3 h5 18. Re1 Nf6 19. e5 Nd7 20. Rcd1 Ba8 21. b5 cxb5 22.
Nxb5 a6 23. Nd6 b5 24. Be2 Nb6 25. Nd2 Nc8 26. N2e4 Nxd6 27. Nxd6 Bd5 28. Qg3
Qd7 29. Bf3 Bf8 30. Ne4 Bxe4 31. Bxe4 Qe7 32. Rd3 Rd7 33. d5 Bg7 34. dxe6 fxe6
35. Qxg6 Rxd3 36. Bxd3 Rc8 37. Re3 Rc1+ 38. Kh2 Qf7 39. Qh7+ Kf8 40. Qe4 Qc7 41.
Qf3+ Ke7 42. Qxh5 Kd8 43. Be2 Re1 44. f4 Qc1 45. Rd3+ Kc7 46. Qf3 Kb6 47. Rd6+
Ka5 48. Bxb5 Bxe5 49. Rxa6+ Kxb5 50. Qb7+ Kc4 51. Rc6+ Kd3 52. Qb5+ Kd4 53. Rxc1
Bxf4+ 54. g3 Rxc1 55. gxf4 Ke4 56. Qe2+ 1-0

[Event "67th ch-RUS HL w 2017"]
[Site "Sochi RUS"]
[Date "2017.07.06"]
[Round "5.7"]
[White "Savina, Anastasia"]
[Black "Dimitrova, Aleksandra"]
[Result "1-0"]
[WhiteTitle "IM"]
[BlackTitle "WFM"]
[WhiteElo "2364"]
[BlackElo "2231"]
[WhiteFideId "4196872"]
[BlackFideId "24173371"]
[EventDate "2017.07.02"]

1. Nf3 Nf6 2. c4 e6 3. Nc3 Bb4 4. g4 h6 5. Rg1 b6 6. Qc2 Bb7 7. a3 Be7 8. g5
hxg5 9. Nxg5 Bf8 10. d4 c5 11. d5 exd5 12. cxd5 d6 13. Bf4 a6 14. O-O-O Qe7 15.
Rg3 Rh4 16. Re3 Rxf4 17. Rxe7+ Bxe7 18. e3 Rh4 19. f4 Nbd7 20. h3 b5 21. Qf2 Rh6
22. e4 Nh5 23. Be2 Nf8 24. e5 dxe5 25. d6 Bf6 26. d7+ Nxd7 27. Nxf7 Kxf7 28.
Rxd7+ Kg8 29. Rxb7 Nxf4 30. Qxc5 Rxh3 31. Kb1 Rd8 32. Ka2 Rh1 33. Bf3 Rh2 34.
Ne4 Rxb2+ 35. Ka1 Bh4 36. Qc7 Ne6 37. Qf7+ 1-0

[Event "67th ch-RUS HL w 2017"]
[Site "Sochi RUS"]
[Date "2017.07.06"]
[Round "5.8"]
[White "Lingur, Zalina"]
[Black "Ovod, Evgenija"]
[Result "0-1"]
[WhiteTitle "WFM"]
[BlackTitle "IM"]
[WhiteElo "2087"]
[BlackElo "2363"]
[WhiteFideId "34165670"]
[BlackFideId "4131827"]
[EventDate "2017.07.02"]

1. e4 g6 2. d4 Bg7 3. Nc3 d6 4. f4 a6 5. a4 Nf6 6. h3 c5 7. d5 O-O 8. Nf3 e6 9.
Bc4 exd5 10. exd5 Re8+ 11. Ne2 Nbd7 12. O-O Nb6 13. Ba2 Nxa4 14. c4 b5 15. Bb3
Nb6 16. cxb5 axb5 17. Rxa8 Nxa8 18. Ng3 Qb6 19. Kh1 Nc7 20. f5 c4 21. Bc2 Ncxd5
22. fxg6 hxg6 23. Bg5 Ne3 24. Bxe3 Rxe3 25. Ne2 Bb7 26. Nf4 Bh6 27. Ng1 Kg7 28.
h4 Rg3 29. Nge2 Bxg2+ 30. Kh2 Bxf1 31. Qxf1 Bxf4 32. Nxf4 Qe3 33. h5 Ng4+ 34.
Kh1 Nf2+ 35. Kh2 Qxf4 0-1

[Event "67th ch-RUS HL w 2017"]
[Site "Sochi RUS"]
[Date "2017.07.06"]
[Round "5.9"]
[White "Travkina, Anastasia"]
[Black "Belenkaya, Dina"]
[Result "1/2-1/2"]
[WhiteTitle "WFM"]
[BlackTitle "WGM"]
[WhiteElo "2260"]
[BlackElo "2323"]
[WhiteFideId "24129151"]
[BlackFideId "24142654"]
[EventDate "2017.07.02"]

1. e4 c6 2. d4 d5 3. Nc3 dxe4 4. Nxe4 Bf5 5. Ng3 Bg6 6. Nh3 Nf6 7. Bc4 Nbd7 8.
c3 e6 9. Nf4 Bd6 10. h4 Qc7 11. Qf3 O-O-O 12. h5 Bc2 13. h6 g6 14. Bd3 Bxd3 15.
Nxd3 e5 16. dxe5 Nxe5 17. Nxe5 Bxe5 18. O-O Nd5 19. a4 f5 20. a5 Rhe8 21. Bg5
Bf6 22. Bxf6 Nxf6 23. a6 b6 24. Rfe1 Nd5 25. b4 Qf4 26. Rxe8 Rxe8 27. Qd1 Qc4
28. b5 Nxc3 29. Rc1 Nxd1 30. Rxc4 c5 31. Rc2 Re1+ 32. Nf1 Re4 33. Nd2 Re1+ 34.
Nf1 Re4 35. Nd2 Rb4 36. Nc4 Kc7 37. Kf1 Rb3 38. Ne5 Nc3 39. g3 Nxb5 40. Nxg6 Nd4
41. Rc1 Nf3 42. Kg2 Kd8 43. Rd1+ Ke8 44. Rd6 c4 45. Rc6 b5 46. Rc7 1/2-1/2

[Event "67th ch-RUS HL w 2017"]
[Site "Sochi RUS"]
[Date "2017.07.06"]
[Round "5.10"]
[White "Styazhkina, Anna"]
[Black "Dordzhieva, Dinara"]
[Result "1/2-1/2"]
[WhiteTitle "WIM"]
[BlackTitle "WIM"]
[WhiteElo "2252"]
[BlackElo "2308"]
[WhiteFideId "24119300"]
[BlackFideId "24157570"]
[EventDate "2017.07.02"]

1. e4 c5 2. Nf3 d6 3. d4 Nf6 4. dxc5 Nxe4 5. cxd6 Nc6 6. dxe7 Qxd1+ 7. Kxd1 Bxe7
8. Be3 O-O 9. a3 Rd8+ 10. Kc1 Bg4 11. Nbd2 Nxd2 12. Nxd2 Nd4 13. Bd3 Rac8 14.
Kb1 Bf5 15. Bxf5 Nxf5 16. Nf3 Nxe3 17. fxe3 f5 18. Re1 Bc5 19. e4 Bf2 20. Re2
fxe4 21. Rxf2 exf3 22. gxf3 Rc6 23. Ka2 Re6 24. Rg1 Kf7 25. Rg4 Rd7 26. b3 Re3
27. Kb2 Kf6 28. h4 g6 29. Rf4+ Ke6 30. Rf8 Ke7 31. Rf4 Ke6 32. Kc1 Re1+ 33. Kb2 1/2-1/2

[Event "67th ch-RUS HL w 2017"]
[Site "Sochi RUS"]
[Date "2017.07.06"]
[Round "5.11"]
[White "Chernyak, Viktoria"]
[Black "Pustovoitova, Daria"]
[Result "1-0"]
[WhiteTitle "WFM"]
[BlackTitle "FM"]
[WhiteElo "2251"]
[BlackElo "2406"]
[WhiteFideId "24165956"]
[BlackFideId "4182146"]
[EventDate "2017.07.02"]

1. Nf3 c5 2. c4 Nf6 3. Nc3 e6 4. g3 b6 5. Bg2 Bb7 6. O-O Be7 7. Re1 d6 8. e4
Nbd7 9. d4 cxd4 10. Nxd4 a6 11. e5 dxe5 12. Nxe6 fxe6 13. Bxb7 Ra7 14. Bg2 O-O
15. Bh3 Kf7 16. Bg5 Rc7 17. Bxf6 Nxf6 18. Rxe5 Rc6 19. Qe2 Kg8 20. Rd1 Rd6 21.
Bxe6+ Kh8 22. Bd5 Rd7 23. Kg2 Bd6 24. Re6 Bb4 25. Bf3 Rxd1 26. Qxd1 Qc8 27. Qe2
Bxc3 28. bxc3 Qc5 29. Rc6 Qa5 30. Qe7 Rg8 31. Rxf6 gxf6 32. Qxf6+ Rg7 33. Bd5 1-0

[Event "67th ch-RUS HL w 2017"]
[Site "Sochi RUS"]
[Date "2017.07.06"]
[Round "5.12"]
[White "Goltseva, Ekaterina"]
[Black "Kovanova, Baira"]
[Result "0-1"]
[WhiteTitle "WFM"]
[BlackTitle "WGM"]
[WhiteElo "2214"]
[BlackElo "2373"]
[WhiteFideId "24173770"]
[BlackFideId "4164083"]
[EventDate "2017.07.02"]

1. d4 Nf6 2. c4 e6 3. Nc3 Bb4 4. Qc2 O-O 5. a3 Bxc3+ 6. Qxc3 d6 7. Bg5 Nbd7 8.
f3 h6 9. Bh4 Re8 10. e3 e5 11. Ne2 Qe7 12. O-O-O Nf8 13. Qc2 Ng6 14. Bf2 c6 15.
Nc3 d5 16. Bd3 e4 17. fxe4 dxe4 18. Be2 Bd7 19. Kb1 a6 20. c5 Be6 21. Na4 Nd5
22. h4 f5 23. Bc4 Qf7 24. b3 f4 25. Rhf1 Nge7 26. Nc3 Nf5 27. Nxd5 cxd5 28. Be2
fxe3 29. Bg1 Qg6 30. g4 Ng3 31. Rf4 Rf8 32. Rxf8+ Rxf8 33. Bxe3 Bxg4 34. Bxg4
Qxg4 35. Rc1 Qf3 36. Bd2 Ne2 37. Re1 Nxd4 38. Qb2 Qd3+ 39. Ka2 Rf2 40. Rd1 e3 0-1

[Event "67th ch-RUS HL w 2017"]
[Site "Sochi RUS"]
[Date "2017.07.06"]
[Round "5.13"]
[White "Shaydullina, Sandugach"]
[Black "Charochkina, Daria"]
[Result "0-1"]
[WhiteTitle "WGM"]
[BlackTitle "IM"]
[WhiteElo "2203"]
[BlackElo "2350"]
[WhiteFideId "4140389"]
[BlackFideId "4180917"]
[EventDate "2017.07.02"]

1. Nf3 Nf6 2. c4 Nc6 3. d4 e6 4. g3 d6 5. Bg2 g6 6. O-O Bg7 7. Nc3 O-O 8. Bf4
Re8 9. Rc1 a6 10. h3 Qe7 11. Qc2 Nxd4 12. Nxd4 e5 13. Be3 exd4 14. Bxd4 Bf5 15.
Qb3 c6 16. Rfd1 h5 17. Qa3 Rad8 18. e4 Be6 19. Bb6 Rd7 20. Na4 Nh7 21. f4 c5 22.
b4 Bd4+ 23. Kh1 Rc8 24. bxc5 dxc5 25. Rxd4 cxd4 26. Bc5 Qd8 27. Nb6 d3 28. Nxd7
Qxd7 29. Bd6 d2 30. Rd1 Bxh3 31. Rxd2 Bxg2+ 32. Kxg2 Rxc4 33. Bb4 Rd4 34. Rxd4
Qxd4 35. e5 h4 36. gxh4 Qxf4 37. Qc3 Qg4+ 38. Kf1 Qxh4 39. Qc8+ Kg7 40. Bc3 Qf4+
41. Ke2 Qe4+ 42. Kd2 Qd5+ 43. Ke3 Qe6 44. Qxb7 Ng5 45. Kd3 Qf5+ 46. Kc4 Ne6 47.
Qb4 Qc2 48. Qa5 g5 49. Kb4 Qd3 50. Ka3 g4 51. Qb4 Qf3 52. Qb3 Qe3 53. Qc4 Qc1+
54. Kb4 Qd1 55. Ka5 g3 56. Qe4 Qd8+ 57. Kb4 Qe7+ 58. Kc4 Qc7+ 59. Kb4 a5+ 60.
Kb5 Qxc3 61. Qg4+ Kf8 62. Qh5 Nd4+ 63. Ka6 Qc6+ 0-1

[Event "67th ch-RUS HL w 2017"]
[Site "Sochi RUS"]
[Date "2017.07.06"]
[Round "5.14"]
[White "Solozhenkina, Elizaveta"]
[Black "Mirzoeva, Elmira"]
[Result "1-0"]
[WhiteTitle "WIM"]
[BlackTitle "WGM"]
[WhiteElo "2198"]
[BlackElo "2314"]
[WhiteFideId "34106615"]
[BlackFideId "4127951"]
[EventDate "2017.07.02"]

1. e4 c5 2. Nf3 Nc6 3. d4 cxd4 4. Nxd4 Qb6 5. Nb3 Nf6 6. Nc3 e6 7. Qe2 Bb4 8.
Bd2 O-O 9. O-O-O a6 10. Kb1 Qc7 11. g3 b5 12. Bg2 Bb7 13. f4 d6 14. g4 Rfc8 15.
h4 Na5 16. g5 Nd7 17. Nxa5 Bxa5 18. Rc1 Nb6 19. Rh3 Nc4 20. Be1 b4 21. Nd1 d5
22. exd5 exd5 23. Rd3 Re8 24. Qf1 b3 25. c3 bxa2+ 26. Kxa2 Qd7 27. b3 Rab8 28.
Nb2 Ne3 29. Qg1 Nxg2 30. Qxg2 d4 31. Qg1 Qe6 32. Qxd4 Be4 33. c4 Bb6 34. c5 Red8
35. cxb6 Bxd3 36. Qe5 Qxb6 37. Qc3 Rdc8 38. Qxc8+ 1-0

[Event "67th ch-RUS HL w 2017"]
[Site "Sochi RUS"]
[Date "2017.07.06"]
[Round "5.15"]
[White "Baraeva, Marina"]
[Black "Diakonova, Ekaterina"]
[Result "1/2-1/2"]
[WhiteTitle "WIM"]
[WhiteElo "2169"]
[BlackElo "2292"]
[WhiteFideId "24142573"]
[BlackFideId "24172936"]
[EventDate "2017.07.02"]

1. c4 Nf6 2. Nc3 e6 3. a3 b6 4. Nf3 Bb7 5. e3 c5 6. d4 d6 7. Bd3 Nbd7 8. O-O Be7
9. b3 O-O 10. Bb2 a6 11. Nd2 Qc7 12. Qe2 Rac8 13. Rad1 Qb8 14. f4 Rfe8 15. Nce4
cxd4 16. exd4 d5 17. Ng3 Bd6 18. Nh5 Nxh5 19. Qxh5 Nf6 20. Qh4 dxc4 21. bxc4 h6
22. Rde1 b5 23. d5 bxc4 24. Bxf6 cxd3 25. Qg4 Bf8 26. dxe6 Rxe6 27. Rxe6 fxe6
28. Qxe6+ Kh8 29. Be5 Qa7+ 30. Kh1 Rc6 31. Qf5 Qc5 32. Qxd3 Qxa3 33. Qd7 Qe7 34.
Qg4 Rc2 35. Nf3 Qf7 36. f5 Qc4 37. Qxc4 Rxc4 38. Rd1 Kg8 39. f6 Bxf3 40. gxf3
gxf6 41. Bxf6 Rf4 42. Bb2 Rxf3 43. Ra1 Rf2 44. Bd4 Rd2 45. Bb6 Bd6 46. Bg1 h5
47. Rxa6 h4 48. Ra4 h3 49. Rd4 Rxd4 1/2-1/2